Against the stream /

Bibliographic Details
Main Author: Hanley, James, 1897-1985
Format: Book
Language:English
Published: New York : Horizon Press, [1981]

MARC

Tag First Indicator Second Indicator Subfields
LEADER 00000cam a2200000 a 4500
001 in00000076002
005 20151008054933.0
008 820303s1981 nyua 00011 eng
010 |a  81082845  
020 |a 0818006293 :  |c $12.95 
035 |a (OCoLC)07974033 
035 |9 AAJ2109AM 
039 0 |a 2  |b 3  |c 3  |d 3  |e 3 
040 |a DLC  |c DLC  |d TXA  |d UtOrBLW 
049 |a TXAM  |c [1361639] 
050 0 0 |a PR6015.A474  |b A66 1981 
082 0 |a 823/.912  |2 19 
100 1 |a Hanley, James,  |d 1897-1985. 
245 1 0 |a Against the stream /  |c by James Hanley. 
264 1 |a New York :  |b Horizon Press,  |c [1981] 
264 4 |c ©1981 
300 |a 256 pages :  |b illustrations ;  |c 21 cm. 
336 |a text  |b txt  |2 rdacontent 
337 |a unmediated  |b n  |2 rdamedia 
338 |a volume  |b nc  |2 rdacarrier 
999 |a MARS 
999 f f |s 7396183f-6d69-39a5-a0bc-847796b7cc31  |i c380c921-038b-3ef6-911e-194c01556307  |t 0 
952 f f |p ric  |a Texas A&M University  |b Rellis Campus  |c Joint Library Facility  |d Remote Storage  |t 0  |e PR6015.A474 A66 1981  |h Library of Congress classification  |i unmediated -- volume  |m A14806186534 
998 f f |a PR6015.A474 A66 1981  |t 0  |l Remote Storage